000 00327pab a2200145 454500
008 180718b1999 xxu||||| |||| 00| 0 eng d
100 _aGarger, Eileen M.
245 _aGoodby training, hello learning
260 _c1999
300 _ap.35-42
362 _aNov
650 _aTraining
773 _aWorkforce
909 _a43355
999 _c43355
_d43355